000 00486nam a2200169Ia 4500
008 230711s9999||||xx |||||||||||||| ||und||
020 _a978-93-5077-022-4
041 _aENG
082 _a621.3815
_bKA-D
100 _aKatre,J.S
245 0 _aDigital circuits and logic design : sem iii-electronics and communication engineering (BTEC-302)
250 _a1st Ed.
260 _c2012
_aNew Delhi
_bTech-Max-Book House
300 _a759
650 _aElectronics Engineering
942 _cBK
999 _c5501
_d5501